| 000 | 01428nam a2200205Ia 4500 | ||
|---|---|---|---|
| 001 | b6633-47598 | ||
| 003 | IT-MiCISF | ||
| 008 | 161014s9999||||xx |||||||||||||| ||und|| | ||
| 040 |
_aIT-MiCISF _cIT-MiCISF |
||
| 041 | _ait | ||
| 100 | _aNicolosi Joseph | ||
| 245 | 0 |
_aOltre l'omosessualità _bAscolto terapeutico e trasformazione |
|
| 250 | _a1a ed. | ||
| 260 |
_aCinisello Balsamo (MI) _bSan Paolo _c2007 [Edizione originale: 1993] |
||
| 300 | _app. 309 | ||
| 500 | _a / omosessualità, identità-maschile, terapia, adolescenza, case-studies / L'A del volume, noto psicoterapeuta americano co-fondatore dell'Associazione nazionale per la ricerca e la terapia sull'omosessualità, ha rivolto il suo lavoro a persone omosessuali che chiedono di entrare in cura per abbandonare questo comportamento. Alla base di questa richiesta risiede un forte conflitto, molto frequente nei maschi che hanno assunto il modello "gay" in modo non riflesso e che nel tempo ha aggravato le ambivalenze invece che migliorarle. Le storie raccontate in questo libro sono espressione, infatti, di situazioni patologiche e di squilibri ambientali. Da qui il nome"terapia riparativa" dove si mette a fuoco il quadro ambientale in cui prende forma un comportamento omosessuale vissuto poi in modo distonico rispetto alle aspirazioni e i desideri. | ||
| 650 |
_a Identità e genere / sessualità _e003 |
||
| 942 | _cBK | ||
| 957 | _71 | ||
| 999 |
_a47598 _bsi _g1 _c210392 _d210392 |
||